000 00264nam a2200109Ia 4500
008 220120s9999||||xx |||||||||||||| ||und||
082 _a003.78 MIL
100 _aMilenkovic, Milan
_911422
245 0 _aOperating systems
260 _bNew Delhi
300 _a1117p.
_b0
999 _c136347
_d136347